=LDR 00000nam 2200000 4500 =001 INLIS000000000049417 =005 20200310073947 =035 ##$$a 0010-021700000000209 =008 200310################g##########0#ind## =020 ##$$a 978-979-3542-14-0 =040 ##$$a Ind =082 ##$$a 297.352 =084 ##$$a 297.352 Ahm i =090 ##$$a 2970352$bAhm i =100 ##$$a Ahmad Kartono =245 1#$$a Ibadah haji perempuan menurut para ulama fikih /$c Ahmad Kartono, Sarmidi Husna =250 ##$$a Ed.1,Cet.1 =260 ##$$a Jakarta :$b Prenada Media,$c 2013 =300 ##$$a xiii,200 hlm : $b Ilus ; $c 17 x 14 cm.. =650 #4$$a Ibadah , Haji =710 #$$a Sarmidi Husna =990 ##$$a 21303769 =990 ##$$a 21303772 =990 ##$$a 21303773 =990 ##$$a 21303771 =990 ##$$a 21303770